[Event "DEM U10w 2021"]
[Site "Willingen GER"]
[Date "2021.08.29"]
[Round "11"]
[White "Peglau, Lorena"]
[Black "Dominick, Johanna"]
[Result "1-0"]
[Termination "normal"]
[Board "8"]
[WhiteElo "1005"]
[BlackElo "936"]
[WhiteClock "00:59:54"]
[BlackClock "01:05:38"]
[PlyCount "113"]
[WhiteFideId "16290542"]
[BlackFideId "16296532"]
[EventCountry "GER"]
[EventRounds "11"]
[EventType "swiss"]
[EventDate "2021.08.22"]

1. Nf3 {[%clk 01:15:55]} {[%emt 00:00:05]} Nc6 {[%clk 01:15:45]} {[%emt
00:00:15]} 2. g3 {[%clk 01:16:18]} {[%emt 00:00:07]} e5 {[%clk 01:16:03]}
{[%emt 00:00:13]} 3. Bg2 {[%clk 01:16:35]} {[%emt 00:00:13]} Bc5 {[%clk
01:16:19]} {[%emt 00:00:14]} 4. O-O {[%clk 01:16:48]} {[%emt 00:00:16]} Nf6
{[%clk 01:16:36]} {[%emt 00:00:14]} 5. d3 {[%clk 01:16:48]} {[%emt 00:00:30]}
d5 {[%clk 01:16:53]} {[%emt 00:00:14]} 6. c4 {[%clk 01:16:53]} {[%emt
00:00:24]} d4 {[%clk 01:17:07]} {[%emt 00:00:13]} 7. Bg5 {[%clk 01:15:45]}
{[%emt 00:01:41]} Bf5 {[%clk 01:17:03]} {[%emt 00:00:33]} 8. Re1 {[%clk
01:14:21]} {[%emt 00:01:55]} Qd7 {[%clk 01:17:01]} {[%emt 00:00:31]} 9. Nbd2
{[%clk 01:11:08]} {[%emt 00:03:44]} O-O-O {[%emt 00:00:20]} 10. a3 {[%emt
00:00:44]} h6 {[%clk 01:16:18]} {[%emt 00:00:08]} 11. Bxf6 {[%clk 01:11:20]}
{[%emt 00:00:18]} gxf6 {[%clk 01:16:41]} {[%emt 00:00:07]} 12. b4 {[%clk
01:11:39]} {[%emt 00:00:12]} Bd6 {[%clk 01:17:05]} {[%emt 00:00:05]} 13. b5
{[%clk 01:11:27]} {[%emt 00:00:44]} Ne7 {[%clk 01:17:05]} {[%emt 00:00:25]} 14.
a4 {[%clk 01:11:03]} {[%emt 00:00:58]} b6 {[%clk 01:16:30]} {[%emt 00:01:05]}
15. a5 {[%clk 01:11:10]} {[%emt 00:00:23]} bxa5 {[%clk 01:16:46]} {[%emt
00:00:14]} 16. Rxa5 {[%clk 01:11:26]} {[%emt 00:00:13]} Kb8 {[%clk 01:16:48]}
{[%emt 00:00:28]} 17. Qa1 {[%clk 01:11:11]} {[%emt 00:00:43]} Bc5 {[%clk
01:14:25]} {[%emt 00:02:55]} 18. Nb3 {[%clk 01:08:31]} {[%emt 00:03:11]} Bb6
{[%clk 01:14:45]} {[%emt 00:00:10]} 19. Ra6 {[%clk 01:08:29]} {[%emt 00:00:32]}
Ng6 {[%clk 01:14:35]} {[%emt 00:00:44]} 20. c5 {[%clk 01:08:15]} {[%emt
00:00:40]} Rde8 {[%clk 01:14:17]} {[%emt 00:00:46]} 21. cxb6 {[%clk 01:08:18]}
{[%emt 00:00:29]} cxb6 {[%emt 00:00:09]} 22. Rc1 {[%emt 00:01:08]} Re7 {[%clk
01:10:34]} {[%emt 00:02:56]} 23. Qa4 {[%clk 01:05:57]} {[%emt 00:02:51]} Rc8
{[%clk 01:08:30]} {[%emt 00:02:33]} 24. Rxc8+ {[%clk 01:05:15]} {[%emt
00:01:13]} Kxc8 {[%clk 01:07:21]} {[%emt 00:01:39]} 25. Qc4+ {[%clk 01:05:15]}
{[%emt 00:00:29]} Kd8 {[%clk 01:07:00]} {[%emt 00:00:52]} 26. Ra1 {[%clk
01:04:49]} {[%emt 00:00:56]} Be6 {[%clk 01:07:09]} {[%emt 00:00:21]} 27. Qa4
{[%clk 01:04:15]} {[%emt 00:01:03]} Ke8 {[%clk 01:07:11]} {[%emt 00:00:29]} 28.
Nfxd4 {[%clk 01:03:44]} {[%emt 00:01:01]} Bxb3 {[%clk 01:07:04]} {[%emt
00:00:37]} 29. Nxb3 {[%clk 01:00:33]} {[%emt 00:03:41]} Kf8 {[%clk 01:07:23]}
{[%emt 00:00:10]} 30. Bc6 {[%clk 01:00:21]} {[%emt 00:00:42]} Qc7 {[%clk
01:07:11]} {[%emt 00:00:41]} 31. Rc1 {[%clk 01:00:30]} {[%emt 00:00:24]} a5
{[%clk 01:07:01]} {[%emt 00:00:39]} 32. bxa6 {[%clk 00:59:24]} {[%emt
00:01:36]} Qa7 {[%clk 01:06:01]} {[%emt 00:01:22]} 33. Na1 {[%clk 00:58:32]}
{[%emt 00:01:29]} Rc7 {[%clk 01:03:36]} {[%emt 00:02:50]} 34. Nb3 {[%clk
00:57:11]} {[%emt 00:01:56]} Ne7 {[%clk 01:00:38]} {[%emt 00:03:28]} 35. Bg2
{[%clk 00:55:09]} {[%emt 00:02:32]} Rxc1+ {[%clk 01:00:37]} {[%emt 00:00:31]}
36. Nxc1 {[%clk 00:55:31]} {[%emt 00:00:09]} Qc7 {[%clk 01:00:30]} {[%emt
00:00:36]} 37. a7 {[%clk 00:55:26]} {[%emt 00:00:37]} Qxc1+ {[%clk 01:00:21]}
{[%emt 00:00:37]} 38. Bf1 {[%clk 00:55:41]} {[%emt 00:00:16]} Qc8 {[%clk
01:00:30]} {[%emt 00:00:21]} 39. a8=Q {[%clk 00:56:02]} {[%emt 00:00:10]} Qxa8
{[%clk 01:00:58]} 40. Qxa8+ {[%clk 00:56:16]} {[%emt 00:00:17]} Kg7 {[%clk
01:01:25]} {[%emt 00:00:03]} 41. Qa6 {[%clk 00:56:19]} {[%emt 00:00:27]} Nd5
{[%clk 01:01:45]} {[%emt 00:00:10]} 42. e4 {[%clk 00:56:35]} {[%emt 00:00:14]}
Nc3 {[%clk 01:02:04]} {[%emt 00:00:10]} 43. Qxb6 {[%clk 00:56:52]} {[%emt
00:00:15]} h5 {[%clk 01:02:18]} {[%emt 00:00:15]} 44. d4 {[%clk 00:57:11]}
{[%emt 00:00:12]} Nxe4 {[%clk 01:02:31]} {[%emt 00:00:16]} 45. dxe5 {[%clk
00:57:26]} {[%emt 00:00:14]} fxe5 {[%clk 01:02:54]} {[%emt 00:00:07]} 46. Qe3
{[%clk 00:57:33]} {[%emt 00:00:24]} f5 {[%clk 01:03:09]} {[%emt 00:00:14]} 47.
f3 {[%clk 00:57:40]} {[%emt 00:00:23]} Nf6 {[%clk 01:03:24]} {[%emt 00:00:16]}
48. Qg5+ {[%clk 00:57:55]} {[%emt 00:00:15]} Kf7 {[%clk 01:03:37]} {[%emt
00:00:16]} 49. Qxf5 {[%clk 00:58:16]} {[%emt 00:00:09]} e4 {[%clk 01:03:46]}
{[%emt 00:00:21]} 50. fxe4 {[%clk 00:58:38]} {[%emt 00:00:08]} Ke7 {[%clk
01:04:03]} {[%emt 00:00:12]} 51. Qe5+ {[%clk 00:58:45]} {[%emt 00:00:25]} Kf7
{[%clk 01:04:28]} {[%emt 00:00:05]} 52. Bc4+ {[%clk 00:59:05]} {[%emt
00:00:11]} Kg7 {[%clk 01:04:35]} {[%emt 00:00:22]} 53. Qd4 {[%clk 00:59:13]}
{[%emt 00:00:21]} Kg6 {[%clk 01:04:52]} {[%emt 00:00:12]} 54. Qd6 {[%clk
00:59:14]} {[%emt 00:00:31]} Kg7 {[%clk 01:04:59]} {[%emt 00:00:22]} 55. Qe7+
{[%clk 00:59:31]} {[%emt 00:00:14]} Kg6 {[%clk 01:05:17]} {[%emt 00:00:10]} 56.
Qf7+ {[%clk 00:59:54]} {[%emt 00:00:08]} Kg5 {[%clk 01:05:38]} {[%emt
00:00:09]} 57. Qg7# {[%emt 00:01:34]} 1-0

[Event "DEM U10w 2021"]
[Site "Willingen GER"]
[Date "2021.08.29"]
[Round "11"]
[White "Heidtkamp, Anna"]
[Black "Baihaghi, Aryana"]
[Result "0-1"]
[Termination "normal"]
[Board "9"]
[WhiteElo "1132"]
[BlackElo "1265"]
[WhiteClock "00:01:52"]
[BlackClock "00:40:31"]
[PlyCount "68"]
[WhiteFideId "16269012"]
[BlackFideId "34604960"]
[EventCountry "GER"]
[EventRounds "11"]
[EventType "swiss"]
[EventDate "2021.08.22"]

1. e4 {[%clk 01:15:58]} {[%emt 00:00:02]} e5 {[%clk 01:15:55]} {[%emt
00:00:05]} 2. Nf3 {[%clk 01:16:25]} {[%emt 00:00:03]} Nc6 {[%clk 01:16:18]}
{[%emt 00:00:08]} 3. Bc4 {[%clk 01:16:49]} {[%emt 00:00:05]} Nf6 {[%clk
01:16:41]} {[%emt 00:00:07]} 4. Ng5 {[%clk 01:17:08]} {[%emt 00:00:10]} d5
{[%clk 01:17:02]} {[%emt 00:00:10]} 5. exd5 {[%clk 01:17:31]} {[%emt 00:00:07]}
b5 {[%clk 01:17:21]} {[%emt 00:00:12]} 6. Bxb5 {[%clk 01:11:04]} {[%emt
00:06:57]} Qxd5 {[%clk 01:17:01]} {[%emt 00:00:50]} 7. Bxc6+ {[%clk 01:07:03]}
{[%emt 00:04:31]} Qxc6 {[%clk 01:17:24]} {[%emt 00:00:07]} 8. O-O {[%clk
01:01:01]} {[%emt 00:06:32]} Bd6 {[%clk 01:17:18]} {[%emt 00:00:35]} 9. h3
{[%clk 00:56:50]} {[%emt 00:04:41]} O-O {[%clk 01:17:06]} {[%emt 00:00:43]} 10.
Nc3 {[%clk 00:55:25]} {[%emt 00:01:55]} h6 {[%clk 01:17:20]} {[%emt 00:00:15]}
11. Nf3 {[%clk 00:55:10]} {[%emt 00:00:45]} Re8 {[%clk 01:16:01]} {[%emt
00:01:54]} 12. d3 {[%clk 00:51:21]} {[%emt 00:04:14]} Bb7 {[%clk 01:15:19]}
{[%emt 00:01:13]} 13. Re1 {[%clk 00:49:06]} {[%emt 00:02:44]} Rad8 {[%clk
01:14:59]} {[%emt 00:00:51]} 14. Qd2 {[%clk 00:46:23]} {[%emt 00:03:11]} e4
{[%clk 01:13:37]} {[%emt 00:01:48]} 15. Nd4 {[%clk 00:42:39]} {[%emt 00:04:17]}
Qb6 {[%clk 01:12:25]} {[%emt 00:01:44]} 16. dxe4 {[%clk 00:38:39]} {[%emt
00:04:30]} Be5 {[%clk 01:08:55]} {[%emt 00:04:01]} 17. Nd5 {[%clk 00:28:27]}
{[%emt 00:10:42]} Nxd5 {[%clk 01:08:15]} {[%emt 00:01:10]} 18. exd5 {[%clk
00:27:50]} {[%emt 00:01:07]} Rxd5 {[%clk 01:08:15]} {[%emt 00:00:29]} 19. c3
{[%clk 00:27:10]} {[%emt 00:01:11]} c5 {[%clk 01:07:26]} {[%emt 00:01:18]} 20.
f4 {[%clk 00:23:29]} {[%emt 00:04:11]} cxd4 {[%clk 01:03:18]} {[%emt 00:04:39]}
21. fxe5 {[%clk 00:22:09]} {[%emt 00:01:49]} dxc3+ {[%clk 00:55:36]} {[%emt
00:08:12]} 22. Qf2 {[%clk 00:22:10]} {[%emt 00:00:20]} Qg6 {[%clk 00:52:53]}
{[%emt 00:03:23]} 23. bxc3 {[%clk 00:17:17]} {[%emt 00:05:24]} Rd3 {[%clk
00:51:57]} {[%emt 00:01:26]} 24. Rb1 {[%clk 00:13:56]} {[%emt 00:03:49]} Bxg2
{[%clk 00:48:45]} {[%emt 00:03:44]} 25. Bf4 {[%clk 00:09:09]} {[%emt 00:05:08]}
Bxh3+ {[%clk 00:48:49]} {[%emt 00:00:35]} 26. Kh2 {[%clk 00:08:07]} {[%emt
00:01:32]} Qh5 {[%clk 00:44:59]} {[%emt 00:04:19]} 27. c4 {[%clk 00:05:33]}
{[%emt 00:03:04]} Be6+ {[%clk 00:44:36]} {[%emt 00:00:52]} 28. Kg1 {[%clk
00:05:16]} {[%emt 00:00:47]} Rf3 {[%clk 00:42:48]} {[%emt 00:02:17]} 29. Qh2
{[%clk 00:04:49]} {[%emt 00:00:58]} Qg4+ {[%clk 00:42:01]} {[%emt 00:01:18]}
30. Qg2 {[%clk 00:03:29]} {[%emt 00:01:49]} Qxf4 {[%clk 00:41:55]} {[%emt
00:00:35]} 31. Rf1 {[%clk 00:02:55]} {[%emt 00:01:04]} Qe3+ {[%clk 00:41:21]}
{[%emt 00:01:05]} 32. Rf2 {[%clk 00:02:54]} {[%emt 00:00:31]} Rg3 {[%emt
00:01:23]} 33. Rb3 {[%clk 00:01:33]} {[%emt 00:00:51]} Rxg2+ {[%clk 00:41:46]}
{[%emt 00:00:14]} 34. Kxg2 {[%clk 00:01:52]} {[%emt 00:00:10]} Bh3+ {[%clk
00:40:31]} {[%emt 00:01:45]} 0-1

[Event "DEM U10w 2021"]
[Site "Willingen GER"]
[Date "2021.08.29"]
[Round "11"]
[White "Fruth, Julia"]
[Black "Amrhein, Yana"]
[Result "1-0"]
[Termination "normal"]
[Board "12"]
[WhiteElo "1007"]
[BlackElo "735"]
[WhiteClock "00:09:54"]
[BlackClock "01:14:11"]
[PlyCount "53"]
[WhiteFideId "34603050"]
[BlackFideId "34638253"]
[EventCountry "GER"]
[EventRounds "11"]
[EventType "swiss"]
[EventDate "2021.08.22"]

1. e4 {[%clk 01:15:57]} {[%emt 00:00:02]} d6 {[%clk 01:15:54]} {[%emt
00:00:07]} 2. d4 {[%clk 01:16:19]} {[%emt 00:00:09]} Nf6 {[%clk 01:16:16]}
{[%emt 00:00:08]} 3. Nc3 {[%clk 01:16:35]} {[%emt 00:00:14]} g6 {[%clk
01:16:40]} {[%emt 00:00:06]} 4. Bd3 {[%clk 01:15:28]} {[%emt 00:01:36]} Bg7
{[%clk 01:16:32]} {[%emt 00:00:38]} 5. f4 {[%clk 01:15:42]} {[%emt 00:00:15]}
b6 {[%clk 01:16:28]} {[%emt 00:00:36]} 6. Nf3 {[%clk 01:15:45]} {[%emt
00:00:25]} Bb7 {[%clk 01:16:48]} {[%emt 00:00:11]} 7. O-O {[%clk 01:15:12]}
{[%emt 00:01:03]} Nbd7 {[%clk 01:16:54]} {[%emt 00:00:22]} 8. Qe1 {[%clk
01:11:45]} {[%emt 00:03:59]} O-O {[%clk 01:16:52]} {[%emt 00:00:31]} 9. e5
{[%clk 01:10:59]} {[%emt 00:01:17]} dxe5 {[%emt 00:00:13]} 10. fxe5 {[%emt
00:00:15]} Nd5 {[%clk 01:16:03]} {[%emt 00:00:50]} 11. Nxd5 {[%clk 01:08:00]}
{[%emt 00:03:30]} Bxd5 {[%clk 01:16:14]} {[%emt 00:00:19]} 12. c3 {[%clk
00:56:26]} {[%emt 00:12:03]} c5 {[%clk 01:15:44]} {[%emt 00:01:02]} 13. Qh4
{[%clk 00:50:40]} {[%emt 00:06:13]} cxd4 {[%clk 01:15:24]} {[%emt 00:00:53]}
14. Bh6 {[%clk 00:48:11]} {[%emt 00:02:58]} dxc3 {[%clk 01:15:00]} {[%emt
00:00:54]} 15. Bxg7 {[%clk 00:48:14]} {[%emt 00:00:28]} Kxg7 {[%clk 01:15:14]}
{[%emt 00:00:15]} 16. Ng5 {[%clk 00:46:20]} {[%emt 00:02:22]} h5 {[%clk
01:14:52]} {[%emt 00:00:50]} 17. g4 {[%clk 00:42:12]} {[%emt 00:04:40]} cxb2
{[%emt 00:01:05]} 18. Rab1 {[%clk 00:38:28]} {[%emt 00:03:59]} Nxe5 {[%clk
01:14:49]} {[%emt 00:00:15]} 19. gxh5 {[%clk 00:27:50]} {[%emt 00:11:07]} Rh8
{[%clk 01:14:26]} {[%emt 00:00:52]} 20. Be2 {[%clk 00:16:13]} {[%emt 00:12:09]}
Bb7 {[%clk 01:14:27]} {[%emt 00:00:30]} 21. Rxf7+ {[%clk 00:14:20]} {[%emt
00:02:21]} Nxf7 {[%clk 01:14:41]} {[%emt 00:00:17]} 22. Ne6+ {[%clk 00:14:39]}
{[%emt 00:00:11]} Kg8 {[%clk 01:14:48]} {[%emt 00:00:23]} 23. Nxd8 {[%clk
00:14:07]} {[%emt 00:01:02]} Rxd8 {[%clk 01:15:12]} {[%emt 00:00:06]} 24. Rf1
{[%clk 00:12:53]} {[%emt 00:01:37]} Rd7 {[%clk 01:14:05]} {[%emt 00:01:43]} 25.
Qf4 {[%clk 00:11:37]} {[%emt 00:01:44]} e6 {[%clk 01:14:15]} {[%emt 00:00:22]}
26. hxg6 {[%clk 00:09:56]} {[%emt 00:02:12]} Nd8 {[%clk 01:14:11]} {[%emt
00:00:35]} 27. Qf8# {[%clk 00:09:54]} {[%emt 00:00:31]} 1-0

[Event "DEM U10w 2021"]
[Site "Willingen GER"]
[Date "2021.08.29"]
[Round "11"]
[White "Marrufo, Adriana"]
[Black "Tu, Audrey"]
[Result "0-1"]
[Termination "normal"]
[Board "13"]
[WhiteElo "850"]
[BlackElo "913"]
[WhiteClock "00:28:26"]
[BlackClock "00:08:45"]
[PlyCount "96"]
[WhiteFideId "34630252"]
[BlackFideId "34628568"]
[EventCountry "GER"]
[EventRounds "11"]
[EventType "swiss"]
[EventDate "2021.08.22"]

1. e4 {[%clk 01:15:54]} {[%emt 00:00:04]} e5 {[%clk 01:15:55]} {[%emt
00:00:06]} 2. Nf3 {[%clk 01:16:04]} {[%emt 00:00:20]} Nc6 {[%clk 01:16:19]}
{[%emt 00:00:06]} 3. Bc4 {[%clk 01:15:59]} {[%emt 00:00:35]} Bc5 {[%clk
01:16:43]} {[%emt 00:00:05]} 4. c3 {[%clk 01:15:52]} {[%emt 00:00:37]} Nf6
{[%clk 01:16:58]} {[%emt 00:00:16]} 5. d4 {[%clk 01:15:43]} {[%emt 00:00:39]}
exd4 {[%clk 01:16:37]} {[%emt 00:00:51]} 6. e5 {[%clk 01:15:38]} {[%emt
00:00:34]} d5 {[%clk 01:15:24]} {[%emt 00:01:43]} 7. Bb5 {[%clk 01:15:24]}
{[%emt 00:00:44]} Ne4 {[%clk 01:10:09]} {[%emt 00:05:46]} 8. cxd4 {[%clk
01:14:33]} {[%emt 00:01:21]} Bb4+ {[%clk 01:08:54]} {[%emt 00:01:45]} 9. Bd2
{[%clk 01:13:57]} {[%emt 00:01:04]} Bxd2+ {[%clk 01:07:39]} {[%emt 00:01:47]}
10. Nbxd2 {[%clk 01:13:28]} {[%emt 00:00:58]} Nxd2 {[%clk 01:07:47]} {[%emt
00:00:24]} 11. Qxd2 {[%clk 01:10:12]} {[%emt 00:03:44]} O-O {[%clk 01:06:53]}
{[%emt 00:01:32]} 12. Bxc6 {[%clk 01:09:25]} {[%emt 00:01:25]} bxc6 {[%clk
01:06:53]} {[%emt 00:00:16]} 13. Qc2 {[%clk 01:08:17]} {[%emt 00:01:37]} Bd7
{[%clk 01:02:17]} {[%emt 00:05:07]} 14. O-O {[%clk 01:06:35]} {[%emt 00:02:11]}
h6 {[%clk 00:56:26]} {[%emt 00:06:22]} 15. Rad1 {[%clk 00:59:45]} {[%emt
00:07:19]} Rb8 {[%clk 00:50:49]} {[%emt 00:06:07]} 16. Rd3 {[%clk 00:58:52]}
{[%emt 00:01:22]} f6 {[%clk 00:46:38]} {[%emt 00:04:43]} 17. e6 {[%clk
00:52:16]} {[%emt 00:07:05]} Bxe6 {[%clk 00:43:29]} {[%emt 00:03:39]} 18. Re3
{[%clk 00:51:37]} {[%emt 00:01:09]} Bd7 {[%clk 00:42:02]} {[%emt 00:01:58]} 19.
Nd2 {[%clk 00:48:50]} {[%emt 00:03:16]} f5 {[%clk 00:38:20]} {[%emt 00:04:13]}
20. Rfe1 {[%clk 00:48:00]} {[%emt 00:01:18]} Rb4 {[%clk 00:32:17]} {[%emt
00:06:34]} 21. Qc3 {[%clk 00:46:47]} {[%emt 00:01:44]} Rb6 {[%clk 00:29:56]}
{[%emt 00:02:51]} 22. Re7 {[%clk 00:46:17]} {[%emt 00:01:01]} Re8 {[%clk
00:27:23]} {[%emt 00:03:02]} 23. Rxe8+ {[%clk 00:44:37]} {[%emt 00:02:10]} Bxe8
{[%clk 00:27:34]} {[%emt 00:00:19]} 24. b3 {[%clk 00:40:17]} {[%emt 00:04:50]}
Qd7 {[%clk 00:21:06]} {[%emt 00:06:59]} 25. Re5 {[%clk 00:37:43]} {[%emt
00:03:04]} Bg6 {[%clk 00:16:39]} {[%emt 00:04:56]} 26. Qe3 {[%clk 00:36:13]}
{[%emt 00:01:59]} Kf7 {[%clk 00:14:02]} {[%emt 00:03:08]} 27. Nf3 {[%clk
00:32:33]} {[%emt 00:04:10]} Kf6 {[%clk 00:09:01]} {[%emt 00:05:32]} 28. Nh4
{[%clk 00:27:30]} {[%emt 00:05:32]} Bh7 {[%clk 00:08:14]} {[%emt 00:01:17]} 29.
Qf4 {[%clk 00:26:45]} {[%emt 00:01:16]} a5 {[%clk 00:05:05]} {[%emt 00:18:25]}
30. g4 {[%clk 00:26:27]} g5 {[%clk 00:03:41]} 31. Nxf5 {[%clk 00:26:19]} gxf4
{[%clk 00:03:52]} 32. Nh4 {[%clk 00:26:18]} Qxg4+ {[%clk 00:03:57]} 33. Kf1
{[%clk 00:26:31]} Qxh4 {[%clk 00:04:18]} 34. Ke1 {[%clk 00:26:35]} Qxh2 {[%clk
00:04:38]} 35. Re2 {[%clk 00:26:37]} Qh1+ {[%clk 00:04:58]} 36. Kd2 {[%clk
00:26:53]} f3 {[%clk 00:05:12]} 37. Re1 {[%clk 00:27:03]} Qh2 {[%clk 00:05:26]}
38. Rf1 {[%clk 00:27:23]} a4 {[%clk 00:05:44]} 39. Kc3 {[%clk 00:27:31]} axb3
{[%clk 00:06:07]} 40. axb3 {[%clk 00:27:47]} Qg2 {[%clk 00:06:16]} 41. Rb1
{[%clk 00:28:01]} Qxf2 {[%clk 00:06:37]} 42. Rb2 {[%clk 00:28:03]} Qxb2+ {[%clk
00:06:54]} 43. Kxb2 {[%clk 00:28:23]} f2 {[%clk 00:07:20]} 44. Kc3 {[%clk
00:28:44]} f1=Q {[%clk 00:07:42]} 45. Kb2 {[%clk 00:28:08]} Qd3 {[%clk
00:08:02]} 46. b4 {[%clk 00:27:58]} Rxb4+ {[%clk 00:08:22]} 47. Ka2 {[%clk
00:28:05]} Qb1+ {[%clk 00:08:28]} 48. Ka3 {[%clk 00:28:26]} Qb3# {[%clk
00:08:45]} 0-1

[Event "DEM U10w 2021"]
[Site "Willingen GER"]
[Date "2021.08.29"]
[Round "11"]
[White "Funke, Luise"]
[Black "Leistritz, Romina"]
[Result "0-1"]
[Termination "normal"]
[Board "14"]
[WhiteElo "737"]
[BlackElo "1047"]
[WhiteClock "00:54:47"]
[BlackClock "00:30:07"]
[PlyCount "72"]
[WhiteFideId "34623752"]
[EventCountry "GER"]
[EventRounds "11"]
[EventType "swiss"]
[EventDate "2021.08.22"]

1. e4 {[%clk 01:15:58]} {[%emt 14:22:20]} c5 {[%clk 01:15:56]} {[%emt
00:00:04]} 2. Nf3 {[%clk 01:16:22]} {[%emt 00:00:06]} Nc6 {[%clk 01:16:21]}
{[%emt 00:00:06]} 3. Bb5 {[%clk 01:16:43]} {[%emt 00:00:09]} e6 {[%clk
01:16:36]} {[%emt 00:00:14]} 4. Bxc6 {[%clk 01:17:02]} {[%emt 00:00:11]} bxc6
{[%clk 01:16:59]} {[%emt 00:00:06]} 5. c3 {[%clk 01:17:09]} {[%emt 00:00:24]}
Nf6 {[%clk 01:17:10]} {[%emt 00:00:19]} 6. e5 {[%clk 01:17:28]} {[%emt
00:00:11]} Nd5 {[%clk 01:17:31]} {[%emt 00:00:09]} 7. d4 {[%clk 01:17:48]}
{[%emt 00:00:12]} cxd4 {[%clk 01:17:52]} {[%emt 00:00:08]} 8. cxd4 {[%clk
01:18:09]} {[%emt 00:00:10]} d6 {[%clk 01:17:18]} {[%emt 00:01:03]} 9. Bg5
{[%clk 01:18:12]} {[%emt 00:00:26]} Be7 {[%clk 01:17:32]} {[%emt 00:00:16]} 10.
O-O {[%clk 01:18:06]} {[%emt 00:00:37]} h6 {[%clk 01:17:05]} {[%emt 00:00:56]}
11. Bxe7 {[%clk 01:18:15]} {[%emt 00:00:21]} Qxe7 {[%clk 01:17:24]} {[%emt
00:00:11]} 12. Nc3 {[%clk 01:18:20]} {[%emt 00:00:25]} Nxc3 {[%clk 01:17:41]}
{[%emt 00:00:13]} 13. bxc3 {[%clk 01:18:38]} {[%emt 00:00:12]} O-O {[%clk
01:17:00]} {[%emt 00:01:11]} 14. c4 {[%clk 01:18:43]} {[%emt 00:00:26]} d5
{[%clk 01:16:46]} {[%emt 00:00:45]} 15. c5 {[%clk 01:17:39]} {[%emt 00:01:32]}
Rb8 {[%clk 01:15:50]} {[%emt 00:01:27]} 16. Qd3 {[%clk 01:16:37]} {[%emt
00:01:33]} Rb5 {[%clk 01:12:27]} {[%emt 00:03:52]} 17. a4 {[%clk 01:14:56]}
{[%emt 00:02:11]} Ra5 {[%clk 01:11:58]} {[%emt 00:00:59]} 18. Ne1 {[%clk
01:13:14]} {[%emt 00:02:12]} Ba6 {[%clk 01:11:22]} {[%emt 00:01:12]} 19. Qd2
{[%clk 01:11:32]} {[%emt 00:02:05]} Qd8 {[%clk 01:10:04]} {[%emt 00:01:49]} 20.
Nc2 {[%clk 01:11:14]} {[%emt 00:00:49]} Bxf1 {[%clk 01:09:37]} {[%emt
00:00:56]} 21. Rxf1 {[%clk 01:11:33]} {[%emt 00:00:11]} Rxa4 {[%clk 01:08:55]}
{[%emt 00:01:13]} 22. Ne3 {[%clk 01:10:21]} {[%emt 00:01:41]} f6 {[%clk
01:06:38]} {[%emt 00:02:48]} 23. Qd1 {[%clk 01:09:19]} {[%emt 00:01:32]} Ra2
{[%clk 01:05:51]} {[%emt 00:01:17]} 24. Qg4 {[%clk 01:07:52]} {[%emt 00:01:56]}
Qe7 {[%clk 01:02:33]} {[%emt 00:03:49]} 25. Qh5 {[%clk 01:06:15]} {[%emt
00:02:06]} fxe5 {[%clk 01:01:44]} {[%emt 00:01:19]} 26. Qxe5 {[%clk 01:04:01]}
{[%emt 00:02:43]} Qf7 {[%clk 01:00:25]} {[%emt 00:01:49]} 27. Ng4 {[%clk
01:03:43]} {[%emt 00:00:48]} Qf4 {[%clk 00:55:43]} {[%emt 00:05:11]} 28. Qh5
{[%clk 01:03:09]} {[%emt 00:01:05]} a5 {[%clk 00:47:26]} {[%emt 00:08:48]} 29.
Qg6 {[%clk 01:02:18]} {[%emt 00:01:20]} a4 {[%clk 00:43:51]} {[%emt 00:04:06]}
30. Qxe6+ {[%clk 01:01:37]} {[%emt 00:01:10]} Kh7 {[%clk 00:42:43]} {[%emt
00:01:38]} 31. f3 {[%clk 00:59:59]} {[%emt 00:02:09]} Qf5 {[%clk 00:41:11]}
{[%emt 00:02:00]} 32. Qxc6 {[%clk 00:57:10]} {[%emt 00:03:21]} Qc2 {[%clk
00:38:26]} {[%emt 00:03:15]} 33. Ne3 {[%clk 00:56:40]} {[%emt 00:01:00]} Qe2
{[%clk 00:33:05]} {[%emt 00:05:52]} 34. Rf2 {[%clk 00:54:22]} {[%emt 00:02:47]}
Qxf2+ {[%clk 00:31:01]} {[%emt 00:02:34]} 35. Kh1 {[%clk 00:54:35]} {[%emt
00:00:16]} Ra1+ {[%clk 00:30:56]} {[%emt 00:00:35]} 36. Nf1 {[%clk 00:54:47]}
{[%emt 00:00:19]} Qxf1# {[%clk 00:30:07]} {[%emt 00:00:44]} 0-1